MARC

LEADER 00000nam0a2200000 4500
001 117983
005 20231101215435.0
010 |a 7806881166 
035 |a (RuTPU)RU\TPU\book\127695 
090 |a 117983 
100 |a 20070607d2004 m y0rusy50 ca 
101 0 |a chi 
102 |a CN 
105 |a a z 000zy 
200 1 |a Философия искусства  |h Ч. 1  |f Дань На 
210 |a Тяньцзинь  |c Изд-во ун-та общественных наук  |d 2004 
215 |a 336 с.  |c ил. 
300 |a Книга на китайском языке. 
606 1 |a Искусство  |x Теория  |x Философия  |2 stltpush  |3 (RuTPU)RU\TPU\subj\13189  |9 39840 
610 1 |a искусство 
610 1 |a философия 
610 1 |a теория 
610 1 |a история 
610 1 |a архитектура 
610 1 |a скульптура 
610 1 |a живопись 
610 1 |a художественные произведения 
675 |a 7.01  |v 3 
700 0 |a Дань На 
801 1 |a RU  |b 63413507  |c 20070607  |g PSBO 
801 2 |a RU  |b 63413507  |c 20220530  |g PSBO 
942 |c BK